000 00706cam a22002293a 4500
001 25939
003 PGUSA
005 20140828083546.0
008 080630s2008||||xxu|||||s|||||000 | eng d
040 _aPGUSA
_beng
042 _adc
050 4 _aZ
100 1 _aWise, Thomas James,
_d1859-1937
245 1 2 _aA Bibliography of the writings in Prose and Verse of George Henry Borrow
_h[electronic resource] /
_cThomas James Wise
260 _bProject Gutenberg,
_c2008
506 _aPublic domain in the USA.
516 _aElectronic text
653 _aBorrow, George, 1803-1881 -- Bibliography
830 0 _aProject Gutenberg
_v25939
856 4 0 _uhttp://www.gutenberg.org/ebooks/25939
942 _cEB
999 _c255194
_d255194